000 00572nam a2200133Ia 4500
008 220620s9999||||xx |||||||||||||| ||und||
020 _a9782890000000
245 0 _aUnderstanding Extreme Sports: A Psychological Perspective
546 _aEnglish[eng]
650 _aextreme sports||wellbeing||Learning||performance||motivations||definitions
700 _aBrymer, Eric||Feletti, Francesco||Monasterio, Erik||Schweitzer, Robert D.
856 _uhttps://www.frontiersin.org/research-topics/5939/understanding-extreme-sports-a-psychological-perspective#overview
942 _cEB
999 _c26580
_d26580